| 000 | 00592nam a22001695i 4500 | ||
|---|---|---|---|
| 001 | 167368 | ||
| 003 | ES-MaACL | ||
| 005 | 20230906213517.0 | ||
| 008 | 030130s1901 fr |||| | fre d | ||
| 040 |
_aCCPB | B _bspa _cCCPB | B |
||
| 100 | 1 |
_aVial, Francisque. _9114260 |
|
| 245 | 1 | 2 |
_aL'enseignement secondaire et la démocratie / _cpar Francisque Vial. |
| 260 |
_aParis : _bLibrairie Armand Colin, _c1901 ( _eCoulommiers : _fImprimerie Paul Brodard) |
||
| 300 |
_aXI, 328 p. ; _c18 cm. |
||
| 650 | 4 |
_aEnseñanza secundaria- _zFrancia. _9135996 |
|
| 852 |
_aES-MaACL _jD-1246 _z-- Enc. hol. |
||
| 999 |
_c167368 _d167368 |
||